Yeni siyaset (Record no. 10802)

MARC details
000 -BAŞLIK
Sabit Uzunlukta Kontrol Alanı 00862na a2200265 4500
001 - KONTROL NUMARASI
Denetim Alanı 24301
003 - KONTROL NUMARASI IDENTIFIER
Denetim Alanı MIRAKIL
005 - SON İŞLEM TARİHİ VE ZAMANI
Denetim Alanı 20181213155333.0
008 - SABİT-BOY VERİ ELEMANLARI - GENEL BİLGİLER
Sabit Uzunlukta Kontrol Alanı 180910b tu 000 0
020 ## - ULUSLARARASI STANDART KİTAP NUMARASI
Uluslararası Standart Kitap Numarası 9786058859401
040 ## - KATALOGLAMA KAYNAK
Orijinal Kataloglama Ajansı Milas
Kataloglama Dili tur
Metne Dönüştürmek Ajansı TR-AnCHP
041 ## - DİL KODU
Metin / Ses Parça Veya Ayrı Başlığın Dil Kodu tur
082 ## - DEWEY ONLU SINIFLANDIRMA NUMARASI
Sınıflandırma Numarası 320.9561
Ürün Numarası G96y 2010
090 ## - SINIFLAMA NUMARASI
Sınıflama Numarası 320.9561 G96y 2010
100 ## - ANA GİRİŞ - KİŞİSEL İSİM
Kişisel Ad Gürtuna, Ali Müfit
245 ## - BAŞLIK TABLOSU
Başlık Yeni siyaset
Başlığın Kalan Değişimin doğru rotası
Sorumluluk Tablosu, Vb Ali Müfit Gürtuna
246 ## - UNVAN FORM VARYING
Başlık Doğru / Kısa Başlığı Değişimin doğru rotası
260 ## - YAYIN, DAĞITIM, VB
Yayın, Dağıtım, Vb Yeri İstanbul
Yayıncı, Dağıtıcı, Vs Adı Turkuaz Hareket Kültür Yayınları
Yayın, Dağıtım, Vb Tarihi 2010
300 ## - FİZİKSEL TANIM
Kapsam 291 s.
Boyutlar 21 sm.
440 ## - SERİSİ TABLOSU / KATMA GİRİŞİ - BAŞLIK
Başlık Turkuaz Hareket Kültür Yayınları
Hacim / Ardışık Tanımı yayın numarası: 01
600 ## - KONU KATMA GİRİŞ - KURUMSAL ADI
Kişisel Ad Gürtuna, Ali Müfit
Başlıklar Ve Bir Adla İlişkili Diğer Kelimeler siyasetçi
Genel Alt Bölümü Siyasal ve sosyal görüşler
650 ## - KONU KATMA GİRİŞ - TOPİKAL DÖNEM
Topikal Süreli Veya Coğrafi Ad Giriş Elemanı Siyaset ve yönetim
Genel Alt Bölümü Türkiye
740 ## - KATMA GİRİŞ - KONTROLSUZ İLGİLİ / ANALİTİK BAŞLIK
Kontrol Edilmeyen / İlgili Analitik Başlıktaki Değişimin doğru rotası
942 ## - EKLENDİ GİRİŞ ELEMANLARI (KOHA)
Sınıflandırma Veya Raf Düzeni Kaynak Dewey Decimal Classification
Koha Öğesi Türü Books
999 ## - SİSTEM KONTROL NUMARALARI (KOHA)
Koha Biblionumber 10802
Koha Biblioitemnumber 10802
Holdings
Kalıcı Konum Mevcut Konum Edinme Tarihi Edinim Kaynak Toplam Check-Out'Lar Tam Çağrı Numarası Barkod Tarih Son Görülme İtibaren Geçerli Fiyatlar Koha Öğesi Türü
CHP Kütüphanesi CHP Kütüphanesi 09/10/2018 Bağış   320.9561 G96y 2010 018379 09/10/2018 09/10/2018 Books